00743 a2200193 4500001000700000040002200007041001600029082002400045100001700069245009600086260002200182300000700204362001300211500013200224697006400356942000700420952010300427999001900530141547 cLeonardo Da Vinci aPortuguês a791.4353 E46fbE46f aEMPLASAaSNM aFilmotecas na Grande São Paulobinstrumentos da participação - os filmes e os acervos c1985aSão Paulo a82 a19850000 aEMPLASA - Empresa Metropolitana de Planejamento da Grande São PauloaSNM - Secretaria de Estado dos Negócios Metropolitanos aArtesaCinemaaCatálogo de filmesaSão PauloaFilmoteca cBK 00104070a71.1b71.1d2024-03-27l0o791.4353 E46fpO008816r2024-03-27 22:46:14w2024-03-27yBK c141547d141547